Statistics for Five Closest Countries by Country

Click here to take the quiz!

General Stats

  • This quiz has been taken 77 times
    (57 since last reset)
  • The average score is 31 of 40

Answer Stats

Starting Country#Country% Correct
Belgium0France
98%
Monaco0France
98%
Belgium0Netherlands
96%
Finland0Norway
96%
Finland0Russia
96%
Finland0Sweden
96%
Belgium0Germany
94%
Kosovo0Montenegro
94%
Finland232Estonia
92%
Belgium0Luxembourg
92%
Kosovo0Serbia
92%
Kosovo0Albania
88%
Monaco6Italy
88%
Finland444Latvia
88%
Kosovo0North Macedonia
86%
Monaco232Spain
84%
Monaco152Switzerland
84%
Cyprus43Turkey
84%
Cyprus142Israel
82%
Kosovo233Bulgaria
80%
Belize0Guatemala
80%
Madagascar741Mozambique
80%
Belize285El Salvador
78%
Belize203Honduras
78%
Cyprus182Jordan
78%
Cyprus100Lebanon
78%
Belize0Mexico
78%
Belize372Nicaragua
78%
Cyprus66Syria
78%
Madagascar730Mauritius
73%
Fiji398Tonga
69%
Madagascar485Comoros
67%
Monaco248San Marino
67%
Fiji718Tuvalu
67%
Fiji661Samoa
65%
Fiji1,229Solomon Islands
63%
Fiji727Vanuatu
61%
Madagascar971Malawi
47%
Madagascar1,093Zimbabwe
43%
Belgium470United Kindom
2%

Score Distribution

Percentile by Number Answered

Percent of People with Each Score

Your Score History

You have not taken this quiz since the last reset